000 00714nam a22002177a 4500
003 OSt
008 260123b |||||||| |||| 00| 0 eng d
082 _a639.20284
_bB13F
100 _aBadapanda, Krishna Chandra.
245 _aFishing Craft and Gear Technology /
_cby Krishna Chandra Badapanda; Volume: lll
250 _a2nd revised and enlarged ed.
260 _a.- Delhi
_b: Narendra Publishing House
_c, 2022
300 _axiv,598p.
440 _aBasic of Fisheries Science (A Complete Book on Fisheries)
650 _aTechnology (Applied Sciences)
650 _aAgriculture and Related Technologies
650 _aFisheries
650 _aFishing Craft
650 _aGear Technology
942 _2ddc
_cBK
999 _c49864
_d49864